000 00706nam a2200241Ia 4500
003 OSt
005 20220925230713.0
006 a|||||r|||| 00| 0
007 ta
008 220923b |||||||| |||| 00| 0 eng d
037 _cGeneral Book
040 _aRTL
_cRTL
_beng
041 _2eng
_aeng
082 _aY9(Q7, N7
100 _aSayyid Bobby S
_9294180
245 0 _aFundamental fear
_b Eurocentrism and the emergence of Islamism
260 _aLondon
_bZed Books Ltd
_c1997
300 _avi,185p
_ccm.
500 _aBibliography: p 162-178
650 _aSociology of Religion Muslims
_9230859
942 _hY9(Q7, N7
_cGB
_2CC
999 _c586388
_d586388